Setenta años de existencia de la República Popular China, 1949-2019 /

Bibliographic Details
Other Authors: Connelly, Marisela (Editor), Tzili Apango, Eduardo (Editor)
Format: Electronic eBook
Language:Spanish
Published: Ciudad de México, México : El Colegio de México, [2023]
Edition:Primera edición electrónica.
Subjects:
Online Access:Digitalia Hispánica

MARC

LEADER 00000nam a2200000 i 4500
001 DIGCOLMX0491
003 NyNyDIG
006 m o d
007 cr |||||||||||
008 231209t20232022mx ab ob 000 0 spa d
035 |a (OCoLC)1390118261 
040 |a DGITA  |b eng  |e rda  |e pn  |c DGITA 
020 |a 9786075645032  |q electrónico 
020 |z 9786075643403  |q impreso 
043 |a a-cc--- 
050 1 4 |a DS777.75 ebook 
245 0 0 |a Setenta años de existencia de la República Popular China, 1949-2019 /  |c Marisela Connelly, Eduardo Tzili-Apango, (coordinadores). 
250 |a Primera edición electrónica. 
264 1 |a Ciudad de México, México :  |b El Colegio de México,  |c [2023] 
264 4 |c ©2022 
300 |a 1 online resource :  |b illustrations, maps. 
336 |a text  |b txt  |2 rdacontent 
337 |a computer file  |b c  |2 rdamedia 
338 |a online resource  |b cr  |2 rdacarrier 
347 |a text file  |2 rdaft 
347 |b EPUB 
504 |a Includes bibliographical references. 
588 0 |a Online resource; title from ePub title page (Digitalia, viewed December 9, 2023) 
650 0 |a Nationalism  |z China  |x History  |y 20th century. 
651 0 |a China  |x Politics and government  |y 1949-. 
700 1 |a Connelly, Marisela,  |e editor. 
700 1 |a Tzili Apango, Eduardo,  |e editor. 
776 0 8 |i Print version:  |t Setenta años de existencia de la República Popular China, 1949-2019.  |b Primera edición impresa.  |d Ciudad de México, México : El Colegio de México, 2022  |z 9786075643403 
791 2 |a Digitalia (Firm),  |e distributor. 
793 0 |g Digitalia eBook Collection:  |a El Colegio de México 
856 4 0 |3 Digitalia Hispánica  |u https://www.digitaliapublishing.com/a/131860/ 
910 |a Premium collection: 2023